000 00563 a2200193 4500
999 _c5083
_d5083
020 _a9781442435001
050 _aPZ7 MOR 2014
100 _aMatson, Morgan
_eauthor
245 _aSince you've been gone /
_cMorgan Matson
264 _aNew York :
_bSimon & Schuster,
_c2014.
300 _a449p. :
500 _aNovel
650 _aSelf-reliance -- Fiction.
650 _aBest friends -- Fiction
650 _aFriendship -- Fiction
650 _aDating (Social customs) -- Fiction
650 _aFamily life- Connecticut- Fiction
942 _2lcc
_cBK
_h7
_iMOR
_kPZ